Jak studovat a učit se cizím jazykům

Podrobná bibliografia
Hlavný autor: Toman, Jiří, 1913-1988 (Autor)
Médium: Kniha
Jazyk:čeština
Fyzický popis:187 s. grafy, ilustr., tab. 21 cm
Vydavateľské údaje: Praha Státní pedagogické nakladatelství 1960
Vydanie:Vyd. 1.
Predmet:

MARC

LEADER 00000nam a2200000 a 4500
001 vtls008424227
003 SK-MaSNL
005 20260301165248.0
008 240318s1960 xr dal g f 000 0 cze
020 |q (viaz.) 
040 |a SNK  |b slo  |c SNK  |e AACR2 
041 0 |a cze 
044 |a xr  |c CZ 
072 7 |a 37  |x Výchova a vzdelávanie  |2 konspekt 
072 7 |a 159.95  |x Vyššie duševné procesy  |2 konspekt 
080 |a 37.091.3  |2 2011 
080 |a 81`24  |2 2011 
080 |a 159.953.5  |2 2011 
080 |a 37.041  |2 2011 
080 |a (035)  |2 2011 
100 1 |a Toman, Jiří,  |d 1913-1988  |4 aut  |9 118101 
245 1 0 |a Jak studovat a učit se cizím jazykům  |c Jiří Toman 
250 |a Vyd. 1. 
260 |a Praha  |b Státní pedagogické nakladatelství  |c 1960 
300 |a 187 s.  |b grafy, ilustr., tab.  |c 21 cm 
366 |e 13000 výt. 
650 0 7 |a štúdium a výučba  |2 SNKPH  |9 3982 
650 0 7 |a štúdium jazykov  |2 SNKPH  |9 3983 
650 0 7 |a učenie  |2 SNKPH  |9 3884 
650 0 7 |a sebavzdelávanie  |2 SNKPH  |9 58295 
650 0 7 |a Study and teaching  |2 SNKPHeng  |9 265408 
650 0 7 |a Language learning  |2 SNKPHeng  |9 302513 
650 0 7 |a Learning  |2 SNKPHeng  |9 302872 
650 0 7 |a Self-education  |2 SNKPHeng  |9 366285 
655 7 |a príručky  |2 SNKPH  |9 74364 
655 7 |a Handbooks, manuals, etc.  |2 SNKPHeng  |9 90964 
852 |a Štátna vedecká knižnica v Banskej Bystrici 
999 |c 823626  |d 825556 
952 |a SNK  |b SNK  |y NEVYP  |7 0  |p 17A0492659  |o snkIC 25262 D1  |i snkKIP 1473/60  |0 0  |1 1  |4 0  |d 2006-01-16  |l 0  |r 2026-02-24 03:14:11  |w 2026-02-24 
952 |a SNK  |b SNK  |y VYP  |7 0  |p 17A0592180  |o snkIC 25262   |i snkKIP 1472/60  |0 0  |1 0  |4 0  |d 2008-11-14  |l 0  |r 2026-02-24 03:14:11  |w 2026-02-24